Les états des Etats-Unis : Washington - Statistiques

Statistiques générales
  • Ce quiz a été pris 59 fois
  • Le résultat moyen est 8 sur 20
Statistiques - réponses
Hint Réponse % Correct
Plus grande ville Seattle
86%
Océan qui le borde Pacifique
84%
Multinationale créée par Bill Gates qui est basée dans la plus grande ville de l'état Microsoft
72%
Personnage historique présent sur le drapeau de l'état de Washington George Washington
68%
Plus grand état frontalier Idaho
62%
L'état de Washington a été le premier à légaliser cette drogue pour un usage récréatif aux États-Unis en 2012 Cannabis
60%
Capitale Olympia
58%
Groupe de rock originaire de cette même ville qui avait pour chanteur Kurt Cobain Nirvana
56%
Province canadienne frontalière Colombie-Britannique
48%
Guitariste afro-américain considéré comme l'un des meilleur de l'histoire originaire de cette même ville Jimmy Hendrix
46%
Série de livres écrite par Stephanie Meyer ayant pour héroïne qui déménage dans l'état de Washington et qui tombe amoureuse d'un vampire Twilight
36%
Style de rock alternatif né à dans la plus grande ville dans les années 1990 Grunge
32%
Cinquième plus haut sommet de l'état qui porte le même nom que le domaine des dieux dans la mythologie grecque Mont Olympe
26%
Principale chaîne de montagne Chaine des Cascades
18%
Principale fleuve qui longe la frontière avec l'état de l'Oregon Columbia
18%
Nom de la péninsule qui est l'une des régions les plus pluvieuse du monde et qui abrite un parc national Péninsule Olympique
10%
Franchise de foot-américain évoluant en NFL Seahawks de Seattle
10%
Surnom The evergreen state
8%
Nom de l’expédition qui a amené deux explorateurs à être les premiers colons de l'état de Washington au début du XIXème siècle Lewis et Clark
4%
Groupe de population amérindienne le plus représenté Salish de la côte
2%
Aucun quiz correspondant
Distribution des résultats
% des personnes avec chaque résultat
Percentile par nombre de réponses
Votre historique - résultats
Vous n’avez pas pris ce quiz